1457 1425 1065 1638 1591 1425 1601 1298 1784 1363 1109 1084 1530 1395 1293 1792 1700 1539 1453 1127 1075 1527 1124 1256 1410 1661 1448 1176 1503 1493 1498 1546 1501 1963 1262 1998 1644 1013 1349 1676 1889 1279 1081 1315 1027 1381 1092 1723 1012 1548 1776 1613 1070 1187 1896 1178 1200 1122 1914 1867 1245 1467 1175 1933 1876 1462 1026 1070 1701 1516 1121 1382 1152 1604 1942 1006 1720 1526 1664 1082 1939 1190 1619 1061 1519 1918 1272 1963 1803 1490 1038 1933 1971 1653 1917 1173 1279 1820 1624 BCNSPRNW ULIB Ver.6.0+V

เปลี่ยนเป็นภาษาไทย

Change to English
 แสดงรายละเอียดบรรณานุกรม
  กลับหน้าหลัก

Brief Record : Get Marc (ISO 2709) : E-mail record : QR code < ปิดหน้าต่าง
LEADER : 00000nam 2200000uu 4500
001    13399120994
003     ULIB
008    020711s2549 th a 000 0 tha d
020    9749426940
020    9789749426944
050  4 HA62^bอ117ว
100    องอาจ นัยพัฒน์.
245    วิธีวิทยาการวิจัยเชิงปริมาณและเชิงคุณภาพทางพฤติกรรมศาสตร์และสังคมศาสตร์ /^cองอาจ นัยพัฒน์.
250    พิมพ์ครั้งที่ 2
260    กรุงเทพฯ :^bสามลดา,^c2549
300    441 หน้า
650    พฤติกรรมศาสตร์
945    ^p345^l0^i14404
999    ^aทศพร เกษรทอง
รายการนี้ยังไม่มีแท็ก
คุณยังไม่ได้ล็อกอิน คุณสามารถมีกิจกรรมร่วมกับเว็บไซต์ได้ แต่ต้องล็อกอินก่อน ::
  ล็อกอิน

รายการสื่อสารสนเทศ

ลำดับที่ ประเภท เลขเรียก/บาร์โค้ด สถานที่ สถานะ
1. วิทยาศาสตร์การแพทย์ และสุขภาพ
วิทยาศาสตร์การแพทย์ และสุขภาพ
HA62 อ117ว ฉ.1 
  Barcode: 14404
ห้องสมุดวิทยาเขตสวรรค์ประชารักษ์
►หนังสือทั่วไป
บนชั้น

รายการใกล้เคียง
    หัวเรื่อง [พฤติกรรมศาสตร์]

BibComment


ยังไม่เคยถูกคอมเมนท์

คอมเมนท์ทรัพยากรรายการนี้
  คอมเมนท์: วิธีวิทยาการวิจัย..


 Copyright 2026. Bcnsprnw @Library